| 000 | 00549cam a2200217 4500 | ||
|---|---|---|---|
| 008 | 090401t1994 xxu||||| |||| 00| 0 eng d | ||
| 020 | _a0333614844 | ||
| 035 | _a(Sirsi) u37627 | ||
| 041 | _aeng | ||
| 050 | _a333.332 | ||
| 100 | _aRichmond, David | ||
| 245 | _aIntroduction to valuation | ||
| 250 | _a3rd ed. | ||
| 260 |
_aBasingstoke _bMacmillian _c1994 |
||
| 300 | _axiii,229p. ; 24cm. | ||
| 350 | _a14.99 | ||
| 490 | _aMacmillan Building and Surveying Series | ||
| 690 | _aRATING AND VALUATION | ||
| 942 | _n0 | ||
| 948 | _c04/03/1997 | ||
| 999 |
_c90513 _d90513 |
||